000 00720nam a2200241Ia 4500
003 OSt
005 20220930064941.0
006 a|||||r|||| 00| 0
007 ta
008 220926b |||||||| |||| 00| 0 eng d
024 _a4938
037 _cTheses
040 _aCRL
_cCRL
_beng
041 _2eng
_aeng
100 _aKapur Deepa
_9525224
110 _aUniversity of Delhi. Faculty of Arts. Department of Psychology
_9169788
245 0 _aQuality of work life in industry with special reference to employees health
260 _c1994
650 _aPSYCHOLOGY
700 _aUniversity of Delhi. Faculty of Arts. Department of Psychology
_9169789
942 _cDIS
_2CC
999 _c858901
_d858901